PEKELILING KEMAJUAN PENTADBIRAN AWAM [SEJAK 1991].

Bibliographic Details
Format: Book
Published: Petaling Jaya, Selangor: International Law Book Services (ILBS), 2021.
Subjects:
LEADER 00895cam a2200241 7i4500
001 0000036975
005 20221102090000.0
008 221011s2021 eng
020 # # |a 9789678929080  
040 # # |a MATR 
090 0 # |a M 351.595   |b PEK 
245 0 0 |a PEKELILING KEMAJUAN PENTADBIRAN AWAM [SEJAK 1991]. 
260 # # |a Petaling Jaya, Selangor:   |b International Law Book Services (ILBS),   |c 2021. 
300 # # |a vi, 837 pages:   |b illustrations;   |c 24 cm. 
336 # # |a text   |2 rdacontent 
337 # # |a unmediated   |2 rdamedia 
338 # # |a volume   |2 rdacarrier 
650 # 0 |a Public administration --   |z Malaysia  
650 # 0 |a Civil service --   |x Personnel management --   |z Malaysia  
650 # 0 |a Civil service --   |x Training --   |z Malaysia  
650 # 0 |a Civil ethics --   |z Malaysia  
650 # 0 |a Office practive in government --   |z Malaysia  
999 |a B000041946  |b Book  |c Malaysia  |e Business Information Centre